| 000 | 00563nam a2200145Ia 4500 | ||
|---|---|---|---|
| 008 | 140724s9999 xx 000 0 und d | ||
| 050 |
_aRT 89 _b.Ad221 2008 |
||
| 100 | _aAdan, Steve Randolph. | ||
| 245 | 2 |
_aA study of the compliance rate of low income primigravidas at a Las Piñas City community : _ba development of an improved health teaching program / _cSteve Randolph Adan. |
|
| 260 |
_aLas Piñas, Philippines : _bSouthville International School and Colleges, _cc2008. |
||
| 300 |
_a99 p. : _c28 cm. |
||
| 521 | _aNursing | ||
| 942 | _cTH | ||
| 999 |
_c228785 _d228785 |
||